La superstition socialiste / (Record no. 68543)

MARC details
000 -LEADER
campo de control de longitud fija 00599nam a22001695i 4500
001 - NÚMERO DE CONTROL
campo de control 68543
003 - IDENTIFICADOR DE NÚMERO DE CONTROL
campo de control ES-MaACL
007 - CAMPO FIJO DE DESCRIPCIÓN FÍSICA--INFORMACIÓN GENERAL
campo de control de longitud fija t|
008 - DATOS DE LONGITUD FIJA--INFORMACIÓN GENERAL
campo de control de longitud fija 960808s1895 fr ||||1| fre d
040 ## - FUENTE DE CATALOGACIÓN
Centro catalogador/agencia de origen CAM
Lengua de catalogación spa
Centro/agencia transcriptor CAM
100 1# - ENTRADA PRINCIPAL--NOMBRE DE PERSONA
Nombre de persona Garofalo, Raffaele.
9 (RLIN) 55622
245 13 - MENCIÓN DEL TÍTULO
Título La superstition socialiste /
Mención de responsabilidad, etc. par le baron R. Garofalo...; traduit de l'italien par Auguste Dietrich.
260 ## - PUBLICACIÓN, DISTRIBUCIÓN, ETC.
Lugar de publicación, distribución, etc. Paris :
Nombre del editor, distribuidor, etc. Ancienne librairie Germer Bailliere et Cie. :
-- Félix Alcan,
Fecha de publicación, distribución, etc. 1895 (
Lugar de fabricación/manufactura Coulommiers :
Fabricante Paul Brodard)
300 ## - DESCRIPCIÓN FÍSICA
Extensión XVI, 299, [2] p. ;
Dimensiones 23 cm.
700 1# - ENTRADA AGREGADA--NOMBRE PERSONAL
Nombre de persona Dietrich, Paul.
9 (RLIN) 44624
852 ## - LOCALIZACIÓN
Ubicación ES-MaACL
Número de control de estantería B-6549
Holdings
Estatus retirado Estado de pérdida Estado de daño No para préstamo Colección Biblioteca de origen Biblioteca actual Ubicación en estantería Fecha de adquisición Fuente de adquisición Total de préstamos Signatura topográfica completa Código de barras Visto por última vez Precio de reemplazo Tipo de ítem Koha
        Libros del s. XIX Biblioteca del Ateneo de Madrid Biblioteca del Ateneo de Madrid Sala Pardo Bazán 17/01/2008     B-6549 1071753 23/02/2023 23/02/2023 Libro impreso antiguo